000 00673cam a22002413a 4500
001 9988
003 PGUSA
005 20140828083218.0
008 060201s2006||||xxu|||||s|||||000 1 eng d
040 _aPGUSA
_beng
042 _adc
050 4 _aPS
100 1 _aManiates, Belle Kanaris
245 1 0 _aAmarilly of Clothes-line Alley
_h[electronic resource] /
_cBelle Kanaris Maniates
260 _bProject Gutenberg,
_c2006
506 _aPublic domain in the USA.
516 _aElectronic text
653 _aPoor -- Fiction
653 _aYoung women -- Fiction
830 0 _aProject Gutenberg
_v9988
856 4 0 _uhttp://www.gutenberg.org/ebooks/9988
942 _cEB
999 _c239244
_d239244